000 00250nam a2200097Ia 4500
001 1215305
005 20250827024548.0
008 250824s9999 xx 000 0 und d
245 0 _aSUNA'NIN SERÇELERİ
_cGÜLTEN DAYIOĞLU
260 _bALTIN KİTAPLARI
999 _c1215305
_d1215305